Number theory (Record no. 2860)

MARC details
000 -LEADER
fixed length control field 00584nam a2200193Ia 4500
003 - CONTROL NUMBER IDENTIFIER
control field IN-BaIIA
008 - FIXED-LENGTH DATA ELEMENTS--GENERAL INFORMATION
fixed length control field 211028s9999 xx 000 0 eng d
040 ## - CATALOGING SOURCE
Transcribing agency IIA Library
080 ## - UNIVERSAL DECIMAL CLASSIFICATION NUMBER
Universal Decimal Classification number 511
Item number BOR
100 ## - MAIN ENTRY--PERSONAL NAME
Personal name Borevich, Z. I.
9 (RLIN) 5100
245 #0 - TITLE STATEMENT
Title Number theory
Statement of responsibility, etc. Z. I. Borevich and Shafarevich, I. R.
260 ## - PUBLICATION, DISTRIBUTION, ETC.
Place of publication, distribution, etc. New York
Name of publisher, distributor, etc. Academic Press
Date of publication, distribution, etc. 1966
300 ## - PHYSICAL DESCRIPTION
Extent x, 435p.
490 ## - SERIES STATEMENT
Series statement Pure and applied mathematics; v. 20
650 ## - SUBJECT ADDED ENTRY--TOPICAL TERM
Topical term or geographic name entry element NASA Thesaurus
650 ## - SUBJECT ADDED ENTRY--TOPICAL TERM
Topical term or geographic name entry element Number Theor
9 (RLIN) 5101
700 ## - ADDED ENTRY--PERSONAL NAME
Personal name Shafarevich, I. R.
9 (RLIN) 5102
942 ## - ADDED ENTRY ELEMENTS (KOHA)
Koha item type Books
Holdings
Withdrawn status Lost status Damaged status Not for loan Home library Current library Shelving location Date acquired Cost, normal purchase price Total Checkouts Full call number Barcode Date last seen Cost, replacement price Price effective from Koha item type Purchase Price
        IIA Library-Bangalore IIA Library-Bangalore General Stacks 30/03/1967 93.24   511/ BOR 3184 05/11/2021 93.24 30/03/1967 Books Rs. 93.24

Powered by Koha